Horticultura herbácea especial
Αποθηκεύτηκε σε:
| Κύριος συγγραφέας: | |
|---|---|
| Μορφή: | Βιβλίο |
| Γλώσσα: | Ισπανικά |
| Έκδοση: |
Madrid
Mundi-Prensa
2002
|
| Έκδοση: | 5a. ed |
| Θέματα: | |
| Ετικέτες: |
Προσθήκη ετικέτας
Δεν υπάρχουν, Καταχωρήστε ετικέτα πρώτοι!
|
MARC
| LEADER | 00000cam a2200000 a 4500 | ||
|---|---|---|---|
| 001 | UCG8399 | ||
| 003 | CL-VaPUC | ||
| 005 | 20241118112332.0 | ||
| 008 | 111212e20020000SP |||||||||||||||||spa|d | ||
| 999 | |c 346009 |d 346007 | ||
| 020 | |a 8484760421 | ||
| 040 | |c Pontificia Universidad Católica de Valparaíso | ||
| 082 | 0 | 4 | |a 635 |b MAR |2 21 |
| 100 | |a Maroto Borrego, José Vicente |e autor |9 559405 | ||
| 245 | 1 | 0 | |a Horticultura herbácea especial |
| 250 | |a 5a. ed | ||
| 260 | |a Madrid |b Mundi-Prensa |c 2002 | ||
| 300 | |a 702 p | ||
| 583 | |a last modification |c 20181120 01:59:42 |k Rodrigo Vera | ||
| 650 | 0 | |a Horticultura |9 259721 | |
| 650 | 0 | |a Plantas herbáceas |9 520823 | |
| 650 | 0 | |a Hortalizas |9 893920 |x Bulbo |x Raíz |x Tallo |x Inflorescencia | |
| 942 | |c BK |2 ddc | ||
| 945 | |d 20111212 00:00:00 |a cmena | ||
| 952 | |0 0 |1 0 |3 erd |4 0 |6 635_000000000000000_MAR_2002 |7 0 |8 A |9 446437 |a BIBAGR |b BIBAGR |i 5291224 |o 635 MAR 2002 |p 5291224 |r 2025-01-20 |w 2019-11-22 |y BK |z Catalogado en:20160603 |k AGR | ||
| 952 | |0 0 |1 0 |3 erd |4 0 |6 635_000000000000000_MAR_2002 |7 0 |8 A |9 446438 |a BIBAGR |b BIBAGR |i 5516080 |l 3 |o 635 MAR 2002 |p 5516080 |r 2025-01-20 |s 2022-06-28 |w 2019-11-22 |y BK |z Catalogado en:20181123 |k AGR | ||
| 952 | |0 0 |1 0 |3 erd |4 0 |6 635_000000000000000_MAR_2002 |7 0 |8 A |9 446439 |a BIBAGR |b BIBAGR |i 5516072 |l 2 |o 635 MAR 2002 |p 5516072 |r 2025-01-20 |s 2023-11-09 |w 2019-11-22 |y BK |z Catalogado en:20181123 |k AGR | ||